000 01062nam1a22002411 4500
001 rc\2832665
005 20110627094944.5
035 _a(NLR Aleph) 006990575
090 _a5622598
_c5622598
100 _a20110627d1932 |||y0rusy50 ca
101 0 _arus
102 _aRU
105 _ay z |||||
200 1 _aГрафика для чертежников-копировщиков машиностроительной специальности
_fИнж. А.А. Флинк
_g... при Всесоюз. совете науч. инж.-техн. об-в ...
210 _a[Москва]
_cИЗПК-ВСНИТО
_d[1932]
_g21 тип. "Мособлполиграф"
215 _d21х15 см
702 1 _aФлинк
_bА. А.
_gАлександр Александрович
_4570
710 0 2 _aИнститут заочного повышения квалификации инженерно-технических работников
_cМосква
801 0 _aRU
_bNLR
_gpsbo
801 1 _aRU
_bELAR
_2rusmarc
852 _aNLR
_j32-17/161(5)
942 _cBOOK
980 _aNB